| 000 | 00915cab a2200229 4500 | ||
|---|---|---|---|
| 001 | ABS43303 | ||
| 008 | 090401t1990 xxu||||| |||| 00| 0 eng d | ||
| 035 | _a(Sirsi) u41281 | ||
| 041 | _aeng | ||
| 100 | _aLloyd, H. | ||
| 245 | _aClient`s best defence against error is a hands-on approach | ||
| 260 | _c1990 | ||
| 350 | _a0 | ||
| 490 |
_aBuilding _v255(7664) 14 September 1990, 46(1) |
||
| 520 | _aAfter the ruling in Murphy v Brentwood DC (See Abstract) that local authorities were not liable for negligence in approving plans or inspecting work on site unless physical injury occurs when liability remains, this article considers how a prospective owner or occupier of a building can best protect their interests. | ||
| 650 |
_aBUILDING CONTROL _96222 |
||
| 650 | _aDEFECTS | ||
| 650 | _aJUNIOR BOOKS V VEITCHI | ||
| 690 | _aBUILT ENVIRONMENT-BUILDING PATHOLOGY | ||
| 942 | _n0 | ||
| 948 | _c04/03/1997 | ||
| 999 |
_c26528 _d26528 |
||